| 000 | 00832nam a2200205Ii 4500 | ||
|---|---|---|---|
| 003 | JO-AjNU | ||
| 008 | 230605s9999||||xx |||||||||||||| ||und|| | ||
| 040 |
_aJO-AjNU _bara _erda _cJO-AjNU |
||
| 041 | _aara | ||
| 050 | 1 | 4 | _aLB1025.U8884 2004 |
| 100 | 3 |
_aحسان،حسان محمد مؤلف/أحمد،عبد السميع سيد م.مشارك/سليمان،سعيد أحمد م.مشارك/الرواي،محمد خلفان م.مشارك, _eauthor _922428 |
|
| 245 | 0 | 0 | _aأصول التربية |
| 250 | _aط3 مزيدة ومنقحة | ||
| 264 | 3 | 1 | _aالعين:دار الكتاب الجامعي،2004 |
| 300 | _a396ص | ||
| 336 |
_atext _btxt _2rdacontent |
||
| 337 |
_aunmediated _bn _2rdamedia |
||
| 338 |
_avolume _bnc _2rdacarrier |
||
| 650 | 4 |
_aالتعليم-فلسفة. التعليم-أغراضه و أهدافه _922429 |
|
| 999 |
_aA7960 _c11528 _d11528 |
||